00812 a2200205 4500022001200000050002300012100002700035110003400062245018400096264004600280300001100326500008000337650003000417650004800447651001800495700002400513700002700537700002500564710001700589 Ino issn00aKTL19.A35 SOU 1975 aDuncan, Graemeeeditor aSupreme Court of South Africa04aSouth African law reports (1) February : bDecisions of the Supreme Court of South Africa, South-West Africa division, High court of Rhodesia /cGraeme Duncan, M. Barnett ...et al aSouth Africa:bJuta and Company LTDc1975 a394p.: aIncludes bibliographical references and index Pages start from pg 269p-663 0aLaw reports, digests, etc 7aCase overruled, considered, discussed etc. 7aSouth Africa.1 aBarnett, M.eeditor1 aBuchanan, J.L.eeditor1 aFisher, D.S.eeditor1 aSouth Africa